Govt. of
Madhya Pradesh

आचार्य कवि गंगाधर द्विजगंग व्‍यक्ति और रचनाकार (Record no. 61489)

MARC details
000 -LEADER
fixed length control field 00573nam a22001577a 4500
003 - CONTROL NUMBER IDENTIFIER
control field macl
005 - DATE AND TIME OF LATEST TRANSACTION
control field 20191203122432.0
008 - FIXED-LENGTH DATA ELEMENTS--GENERAL INFORMATION
fixed length control field 191203b xxu||||| |||| 00| 0 eng d
040 ## - CATALOGING SOURCE
Transcribing agency macl
082 ## - DEWEY DECIMAL CLASSIFICATION NUMBER
Classification number 800/AWA
100 ## - MAIN ENTRY--PERSONAL NAME
Personal name अवस्‍थी ,डॉ .मीनू
9 (RLIN) 77412
245 ## - TITLE STATEMENT
Title आचार्य कवि गंगाधर द्विजगंग व्‍यक्ति और रचनाकार
260 ## - PUBLICATION, DISTRIBUTION, ETC. (IMPRINT)
Place of publication, distribution, etc. लखनऊ
Name of publisher, distributor, etc. सुलभ प्रकाशन
Date of publication, distribution, etc. 2014
650 ## - SUBJECT ADDED ENTRY--TOPICAL TERM
Topical term or geographic name as entry element काव्‍यसमीक्षा
9 (RLIN) 77413
942 ## - ADDED ENTRY ELEMENTS (KOHA)
Source of classification or shelving scheme
Koha item type Hindi Books
Holdings
Withdrawn status Lost status Source of classification or shelving scheme Damaged status Not for loan Home library Current library Date acquired Cost, normal purchase price Total Checkouts Full call number Barcode Date last seen Price effective from Koha item type
          MACL MACL 03/12/2019 650.00   800/AWA CRH033674 03/12/2019 03/12/2019 Hindi Books